Responses for Show #8227 - Tuesday, June 2, 2020

2020 Teachers Tournament semifinal game 2.

Contestants

[<< previous game]

Jenna Hall, a high school English teacher from Seaside, California

Amanda Baltimore, a 7th grade science teacher from Cocoa Beach, Florida

Meggie Kwait, a middle school humanities teacher from New York, New York

[next game >>]

Jeopardy! Round responses

HALL MONITOR
HEAVEN OR HELL
BIRDS OF PREY
WORDS FROM OLD ENGLISH
GOING ON VACATION
I'M FULL OF "N.V."
    $200 6
soccer

Amanda
    $200 8
the Promised Land

Meggie
    $200 23
an owl

Amanda
    $200 13
a knight

Meggie
    $200 18
Italy

Amanda
    $200 1
no vacancy

Jenna
    $400 7
hockey

Jenna
    $400 9
Hades

Meggie
    $400 24
an eagle

Amanda
    $400 14
(Meggie: What is to sate?)

slake

MeggieJenna
    $400 19
the Grand Canyon

Amanda
    $400 2
night vision

Meggie
    $600 28
(Muhammad) Ali

Amanda
    $600 10
nirvana

Meggie
    $600 25
the condor

Meggie
    $600 15
a dale

Meggie
    $600 20
the Musée d'Orsay

Meggie
    $600 3
non-voting

Meggie
    $800 29
a tip-off

Triple Stumper
    $3,000 11
(Alex: Meggie?)
(Meggie: What is... [*]?
(Alex: Yep.)
(Meggie: [Gasps] I got it!)
[Applause]
(Meggie: [Wipes brow] Whew! Okay.)

Paradise Lost

Meggie
    $800 26
the secretary bird

Meggie
    $800 16
eke

Meggie
    $800 21
the Lake District

Meggie
    $800 4
North Vietnam

Meggie
    $1000 30
(Meggie: What is pitcher?)
(Amanda: What is coach?)

designated hitter

MeggieAmanda
Triple Stumper
    $1000 12
the Elysian Fields

Meggie
    $1000 27
the peregrine falcon

Meggie
    $1000 17
(Amanda: What's a blight?)

bight

Amanda
Triple Stumper
    $1000 22
Bora Bora

Amanda
    $1000 5
Napa Valley

Amanda

Scores at the first commercial break (after clue 15):

Meggie Amanda Jenna
$7,400 $1,200 $1,000

Scores at the end of the Jeopardy! Round:

Meggie Amanda Jenna
$11,000 $2,000 $1,000

Double Jeopardy! Round responses

WOMEN AUTHORS
GREATEST HITS FROM THE SUPREMES
THE HUMAN BODY
DOCUMENTARIES
THE OLD UNIVERSITY TRY
BEFORE & AFTER
    $400 1
Pearl Buck

Meggie
    $400 23
tax

Triple Stumper
    $400 6
the cornea

Meggie
    $400 11
Ken Burns

Amanda
    $400 13
Cornell

Meggie
    $400 15
White House arrest

Jenna
    $800 2
(Margaret) Atwood

Meggie
    $800 24
a kangaroo court

Jenna
    $800 7
the liver

Meggie
    $800 12
Birmingham

Meggie
    $800 14
BYU (Brigham Young)

Jenna
    $800 16
Madison Square Garden of Eden

Amanda
    $1200 3
Harriet Beecher Stowe

Triple Stumper
    $2,000 25
(Alex: Jenna?)
(Jenna: Who is... Taft?)

Jefferson

Jenna
    $1200 8
the femur

Meggie
    $1200 27
skateboard

Amanda
    $1200 20
Ole Miss

Meggie
    $1200 17
(Amanda: What is "Live Or Let Die Hard"?)

"Live And Let Die Hard"

AmandaJenna
    $1600 4
(Sandra) Cisneros

Jenna
    $1600 26
same-sex marriage

Meggie
    $1600 9
leukocytes

Amanda
    $1600 28
Fischer

Meggie
    $1600 21
Tulane

Meggie
    $1600 18
(Meggie: [Laughs] Ugh!)
[Audience laughs]
(Alex: We'll get mail, I know.)
(Meggie: As well you should.)

Magic Mike Pompeo

Meggie
    $2000 5
(Alex: Out of Africa.)

Isak Dinesen

Triple Stumper
    $2000 30
Jay

Meggie
    $2000 10
the temporal lobe

Triple Stumper
    $5,000 29
(Meggie: What is Love & Basketball?)

Hoop Dreams

Meggie
    $2000 22
UNLV

Meggie
    $2000 19
(Alex: Yes.)
(Meggie: Nice. I love those.)

Around the World in Eighty Days of Our Lives

Meggie

Scores at the end of the Double Jeopardy! Round:

Meggie Amanda Jenna
$24,400 $4,800 $3,800
(lock game)

[wagering suggestions for these scores]

Final Jeopardy! Round responses

AMERICAN FIRSTS
JennaWhat are Hawaii and Alaska?
$3,800
AmandaWhat are Alaska + Hawaii
$2,222
MeggieWhat are California & Oregon?
$18
Hawaii & Alaska

Final scores:

Meggie Amanda Jenna
$24,382 $7,022 $7,600
Finalist 3rd place: $10,000 2nd place: $10,000

Game dynamics:

Coryat scores:

Meggie Amanda Jenna
$27,200 $4,800 $5,800
31 R
(including 1 DD),
3 W
(including 1 DD)
12 R,
3 W
8 R,
1 W
(including 1 DD)

Combined Coryat: $37,800

[game clues] [game scores] [suggest correction]

Game tape date: 2020-02-25
The J! Archive is created by fans, for fans. Scraping, republication, monetization, and malicious use prohibited; this site may use cookies and collect identifying information. See terms. The Jeopardy! game show and all elements thereof, including but not limited to copyright and trademark thereto, are the property of Jeopardy Productions, Inc. and are protected under law. This website is not affiliated with, sponsored by, or operated by Jeopardy Productions, Inc. Join the discussion at JBoard.tv.